| 000 | 00612nam a2200121Ia 4500 | ||
|---|---|---|---|
| 008 | 220615s9999||||xx |||||||||||||| ||und|| | ||
| 100 | _aKumar, Parmod||Kumar, Surender||Joshi, Laxmi | ||
| 245 | 0 | _aSocioeconomic and Environmental Implications of Agricultural Residue Burning: A Case Study of Punjab, India | |
| 546 | _aEnglish[eng] | ||
| 650 | _aOrganizational Studies, Economic Sociology||Environmental Economics||Community & Population Ecology | ||
| 856 | _uhttps://library.oapen.org/bitstream/20.500.12657/27961/1/1002038.pdf||https://library.oapen.org/bitstream/20.500.12657/27961/1/1002038.pdf | ||
| 942 | _cEB | ||
| 999 |
_c17156 _d17156 |
||